ARRUPE JESUIT UNIVERSITY

CORONAVIRUS -STOP THE SPREAD - CLEAN,DISINFECT,COVER

Tretchikoff (Record no. 120308)

MARC details
000 -LEADER
fixed length control field 00378nam a22001337a 4500
008 - FIXED-LENGTH DATA ELEMENTS--GENERAL INFORMATION
fixed length control field 140327b xxu||||| |||| 00| 0 eng d
050 ## - LIBRARY OF CONGRESS CALL NUMBER
Classification number SPC ND699.B919
100 ## - MAIN ENTRY--PERSONAL NAME
Personal name Buncher, Richard
9 (RLIN) 9535
245 ## - TITLE STATEMENT
Title Tretchikoff
Statement of responsibility, etc Richard Buncher
260 ## - PUBLICATION, DISTRIBUTION, ETC. (IMPRINT)
Place of publication, distribution, etc Cape Town
Name of publisher, distributor, etc Howard timmins
Date of publication, distribution, etc 1950
300 ## - PHYSICAL DESCRIPTION
Extent 60p. ;
Dimensions 38cm.
600 ## - SUBJECT ADDED ENTRY--PERSONAL NAME
Personal name Tretchikoff, Vladimir
9 (RLIN) 9536
942 ## - ADDED ENTRY ELEMENTS (KOHA)
Source of classification or shelving scheme Library of Congress Classification
Item type REFERENCE
Holdings
Withdrawn status Lost status Source of classification or shelving scheme Damaged status Not for loan Collection code Home library Current library Shelving location Date acquired Total Checkouts Full call number Barcode Date last seen Price effective from Koha item type
    Library of Congress Classification     SPECIAL Collection ARRUPE LIBRARY ARRUPE LIBRARY Main Collection 27/03/2014   SPC ND699.B919 46500001844 05/07/2018 27/03/2014 REFERENCE

 

Arrupe Library. PO Box MP320 Mt Pleasant, Harare, Zimbabwe
263 242 745411|librarian@aju.ac.zw